| 000 | 00668nam a22002177a 4500 | ||
|---|---|---|---|
| 999 |
_c17828 _d17828 |
||
| 003 | AR-CdUCM | ||
| 008 | 190509b ||||| |||| 00| 0 spa d | ||
| 040 |
_aMUNICIPALIDAD PROVINCIAL DEL CUSCO _cBIBLIOTECA MUNICIPAL DEL CUSCO |
||
| 082 |
_a868.6 / _bAL36 |
||
| 100 |
_aAlberti, Rafael _98832 |
||
| 245 |
_aEl alba del Alhelí : _b1925 - 1926 / |
||
| 260 |
_aBuenos Aires : _bLosada, _c1944. |
||
| 300 |
_a124 páginas ; _c19 cm. |
||
| 440 |
_aBiblioteca Contemporánea. _927761 |
||
| 505 | _aContenido: Poesías. | ||
| 650 |
_aLiteratura Española _9612 |
||
| 650 |
_aPoesías _92272 |
||
| 650 |
_aSiglo XX _98 |
||
| 942 |
_2ddc _cLIBROS |
||
| 945 |
_aachl _d2019-05-09 |
||